El pensamiento vivo de Kant /

Immanuel Kant (1724-1804), filósofo alemán. Realizó estudios de física y matemáticas y ejerció la docencia en lógica y metafísica en la Universidad de Königsberg. Con sus planteamientos inaugura una nueva teoría del conocimiento y una nueva moral. Con la primera, intenta superar la oposición entre r...

Полное описание

Сохранить в:
Библиографические подробности
Главный автор: Benda, Julien (autor)
Формат:
Язык:испанский
Опубликовано: Buenos Aires, Argentina : Losada, 1941, c1941
Серии:(Biblioteca del Pensamiento Vivo ; 19)
Предметы:
Метки: Добавить метку
Нет меток, Требуется 1-ая метка записи!

MARC

LEADER 00000nam^a2200000^a^4500
001 000319904
005 20250521000000.0
009 20260310113455.569
037 |a Acervo Xavier Clavigero 
041 |a ESP 
082 |a 142. 3  |b KAN EST BEN 
100 |a Benda, Julien  |e (autor) 
245 1 3 |a El pensamiento vivo de Kant /  |c J. Benda ; tr. por Luis Echávarri. 
264 4 |a Buenos Aires, Argentina :  |b Losada,  |c 1941, c1941 
300 |a 225 p. 
336 |a texto  |b txt  |2 rdacontenido 
337 |a sin mediación  |b n  |2 rdamedio 
338 |a volumen  |b nc  |2 rdasoporte 
440 1 |a (Biblioteca del Pensamiento Vivo ;  |v 19) 
520 |a Immanuel Kant (1724-1804), filósofo alemán. Realizó estudios de física y matemáticas y ejerció la docencia en lógica y metafísica en la Universidad de Königsberg. Con sus planteamientos inaugura una nueva teoría del conocimiento y una nueva moral. Con la primera, intenta superar la oposición entre racionalismo y empirismo a través de sus proposiciones analíticas y sintéticas, que puede ser divididas en a priori y a posteriori. De su sistema ético, éste se basa en la idea de que la razón es la autoridad última de la moral, ya que lo que cuenta en sí no son los hechos, sino el motivo del actuar. Sus obras más importantes son: Crítica de la razón pura, Crítica de la razón práctica y Crítica del juicio. La presente obra interpreta las principales líneas de pensamiento de la doctrina kantiana. 
649 |a XX 
650 |a Filósofos Alemanes -  |x Biografías 
650 |a Epistemología 
650 |a Etica 
650 |a Estética 
650 |a Religión -  |x Filosofía 
650 |a Criticismo -  |x Historia y Crítica -  |x Tema Principal 
650 |a Filosofía Moderna -  |x Historia y Crítica 
650 |a Filosofía Alemana -  |x Historia y Crítica 
650 |a Kant, Immanuel -  |x Tema Principal 
910 |a Fondo General 
920 |a Impresos - Libros 
930 |a Colección General 
905 |a 101 
901 |a 045734  |b IT1  |c ACC  |u 20250521 
902 |a https://opac.biblio.iteso.mx/vufind/Record/000319904